000 00519nam a2200181Ia 4500
008 090124s9999 xx 000 0 und d
082 _b131212
100 _aसोनार वा.रा.
245 _a भेटीलागी दरवळ
250 _a1
260 _c2003
300 _a158
600 _aसोनार वा.रा.
630 _a भेटीलागी दरवळ
700 _aसोनार वा.रा.
730 _a भेटीलागी दरवळ
942 _cBOOK
999 _c177301
_d177301